[Event "Vikings GM"]
[Site "York"]
[Date "1999.12.17"]
[Round "5"]
[White "Hodgson, Julian M"]
[Black "Hector, Jonny"]
[Result "1-0"]
[WhiteElo "2605"]
[BlackElo "2505"]
[PlyCount "89"]
[EventDate "1999.12.13"]
[Source "ChessBase"]

1. d4 d5 2. c4 c6 3. Nf3 Nf6 4. e3 Bf5 5. Nc3 e6 6. Nh4 Bg4 7. Qb3 Qd7 8. h3
Bh5 9. g4 Bg6 10. Nxg6 hxg6 11. Bg2 Be7 12. Bd2 Na6 13. O-O-O Nb4 14. Kb1 O-O
15. g5 Nh5 16. h4 e5 17. Bh3 Qc7 18. dxe5 dxc4 19. Qxc4 Qxe5 20. f4 Qa5 21. a3
Qa6 22. Bf1 Qxc4 23. Bxc4 Na6 24. Bxa6 bxa6 25. Ne2 Rab8 26. Kc2 Bc5 27. Bc1
Rfe8 28. Rd3 Re6 29. Rc3 Bb6 30. Rd1 Rbe8 31. Rdd3 Re4 32. Rxc6 Bxe3 33. Nc3
Bxc1 34. Nxe4 Bxf4 35. Nd6 Rf8 36. Rxa6 Bg3 37. Ra4 f5 38. gxf6 gxf6 39. Rg4
Bxd6 40. Rxd6 Kg7 41. Rd7+ Kh6 42. Ra4 Rc8+ 43. Kd3 f5 44. Raxa7 Nf4+ 45. Kd2
1-0

[Event "Pyramiden Franken Cup 3rd"]
[Site "Fuerth"]
[Date "2000.08.25"]
[Round "7"]
[White "Hector, Jonny"]
[Black "Al Modiahki, Mohamad"]
[Result "1-0"]
[WhiteElo "2509"]
[BlackElo "2499"]
[PlyCount "49"]
[EventDate "2000.08.19"]
[Source "ChessBase"]

1. e4 c5 2. Nf3 g6 3. d4 Bg7 4. dxc5 Qa5+ 5. Bd2 Qxc5 6. Nc3 Nf6 7. Bd3 d6 8.
h3 O-O 9. Qe2 Nbd7 10. b4 Qxb4 11. Nd5 Qa4 12. Nxe7+ Kh8 13. Ng5 Nc5 14. O-O
Bd7 15. Bc3 Qa3 16. Qd2 a5 17. Rab1 Rae8 18. Bb2 Nfxe4 19. Bxg7+ Kxg7 20. Bxe4
Rxe7 21. Qxd6 Rfe8 22. Rb3 Qxa2 23. Qxc5 Rxe4 24. Nxe4 Rxe4 25. Qc3+ 1-0

[Event "Vikings GM 2nd"]
[Site "York"]
[Date "2000.12.15"]
[Round "3"]
[White "Hillarp Persson, Tiger"]
[Black "Hector, Jonny"]
[Result "1-0"]
[WhiteElo "2549"]
[BlackElo "2509"]
[PlyCount "87"]
[EventDate "2000.12.13"]
[Source "ChessBase"]

1. g3 d5 2. Bg2 c6 3. d3 e5 4. Nf3 Nd7 5. O-O Ngf6 6. c4 dxc4 7. d4 exd4 8.
Qxd4 Be7 9. Qxc4 O-O 10. Qc2 Qa5 11. Nc3 Qh5 12. h3 Nb6 13. g4 Qa5 14. e4 Be6
15. Nd4 Rad8 16. Nxe6 fxe6 17. Qb3 Kh8 18. Qxe6 Bc5 19. Kh1 Bd4 20. Qb3 Nbd7
21. Qc2 Ne5 22. f4 Nc4 23. Ne2 Ne3 24. Bxe3 Bxe3 25. Rad1 Rxd1 26. Rxd1 Qxa2
27. e5 Nd5 28. f5 Bb6 29. Bxd5 cxd5 30. Nf4 d4 31. Nd3 Qd5+ 32. Qg2 Qb3 33. Qf3
Bc7 34. Rf1 a5 35. Kg2 a4 36. g5 a3 37. bxa3 Qxa3 38. h4 b5 39. Rf2 Qe7 40. f6
gxf6 41. gxf6 Qe6 42. Qf5 Qc6+ 43. Kg1 b4 44. Rg2 1-0

[Event "Vikings GM 2nd"]
[Site "York"]
[Date "2000.12.20"]
[Round "8"]
[White "Hodgson, Julian M"]
[Black "Hector, Jonny"]
[Result "1-0"]
[WhiteElo "2640"]
[BlackElo "2509"]
[PlyCount "83"]
[EventDate "2000.12.13"]
[Source "ChessBase"]

1. c4 Nf6 2. Nc3 e5 3. Nf3 Nc6 4. g3 d5 5. cxd5 Nxd5 6. Bg2 Nb6 7. Rb1 f6 8.
O-O Bg4 9. a3 Nd4 10. e3 Nxf3+ 11. Bxf3 Bxf3 12. Qxf3 c6 13. d4 Bd6 14. Rd1 Qe7
15. b4 exd4 16. exd4 O-O 17. d5 Rfd8 18. dxc6 bxc6 19. Ne4 Bc7 20. Bb2 Be5 21.
Bxe5 Qxe5 22. Nc5 Rxd1+ 23. Rxd1 Nd5 24. Nd3 Qb8 25. Rc1 Qd6 26. b5 cxb5 27.
Nf4 Nb6 28. Rc6 Qd8 29. Ne6 Qd5 30. Qg4 g6 31. Rc7 Re8 32. Rg7+ Kh8 33. Qh4 h5
34. Re7 Qxe6 35. Rxe6 Rxe6 36. Qf4 Kg7 37. Qc7+ Kh6 38. Qf7 Re1+ 39. Kg2 Kg5
40. Qxa7 Nc4 41. a4 Re6 42. Qd7 1-0

[Event "Skelleftea Solett op"]
[Site "Skelleftea"]
[Date "2001.04.10"]
[Round "1"]
[White "Hector, Jonny"]
[Black "Schmitz, Andreas Arnold"]
[Result "1-0"]
[WhiteElo "2546"]
[BlackElo "2161"]
[PlyCount "76"]
[EventDate "2001.04.10"]
[Source "ChessBase"]

1. e4 e6 2. d4 d5 3. Nc3 Bb4 4. Nge2 dxe4 5. a3 Bxc3+ 6. Nxc3 Nc6 7. Bb5 Nge7
8. Bg5 f6 9. Be3 O-O 10. Qd2 e5 11. Bc4+ Kh8 12. d5 Nd4 13. O-O-O Bg4 14. Rde1
c5 15. Nxe4 Nxd5 16. Nxc5 Nxe3 17. fxe3 Nxc2 18. Qxd8 Rfxd8 19. Kxc2 Rdc8 20.
b4 b6 21. h3 Bf5+ 22. e4 Bg6 23. Kc3 bxc5 24. b5 Rab8 25. a4 Rd8 26. Bd5 f5 27.
Kc4 fxe4 28. Rhf1 a6 29. bxa6 Rb4+ 30. Kxc5 Rxa4 31. Ra1 Rd4 32. Bc6 e3 33. a7
e2 34. Rfc1 h6 35. a8=Q Rxa8 36. Bxa8 Rd2 37. Re1 Bc2 38. Ra2 g5 1-0

[Event "Skelleftea Solett op"]
[Site "Skelleftea"]
[Date "2001.04.13"]
[Round "5"]
[White "Hector, Jonny"]
[Black "Rantanen, Yrjo A"]
[Result "1-0"]
[WhiteElo "2546"]
[BlackElo "2327"]
[PlyCount "65"]
[EventDate "2001.04.10"]
[Source "ChessBase"]

1. e4 c5 2. Nf3 d6 3. d4 cxd4 4. Nxd4 Nf6 5. Nc3 g6 6. Bc4 Bg7 7. O-O O-O 8.
Re1 a6 9. Bg5 h6 10. Bh4 b5 11. Bb3 e6 12. Qe2 Bb7 13. Bxe6 fxe6 14. Nxe6 Qe7
15. Nxf8 Qxf8 16. Bg3 b4 17. Na4 d5 18. Nb6 Nxe4 19. Qd3 Kh7 20. Rad1 Ra7 21.
Nxd5 Bxd5 22. Qxd5 Nxg3 23. hxg3 Bxb2 24. Qe6 Bf6 25. Re4 Re7 26. Qd6 Qe8 27.
Rxe7+ Bxe7 28. Qc7 Kg7 29. Rd6 Kf7 30. Rb6 Qd7 31. Qf4+ Kg7 32. Qe5+ Kh7 33.
Rxb8 1-0

[Event "SWE-ch"]
[Site "Linkoping"]
[Date "2001.07.08"]
[Round "8"]
[White "Brynell, Stellan"]
[Black "Hector, Jonny"]
[Result "1-0"]
[WhiteElo "2489"]
[BlackElo "2546"]
[PlyCount "91"]
[EventDate "2001.06.30"]
[Source "ChessBase"]

1. e4 e5 2. Nf3 Nc6 3. Bb5 a6 4. Bxc6 dxc6 5. O-O Be7 6. Nxe5 Qd4 7. Qh5 Be6 8.
d3 Nf6 9. Nf3 Qxe4 10. Qxf7+ Bxf7 11. dxe4 Nxe4 12. Re1 Bg6 13. Nbd2 Nf6 14.
Nc4 Bxc2 15. Nd4 Bd3 16. Ne5 Be4 17. Ne6 Bd6 18. Bf4 Ke7 19. Ng5 Bxe5 20. Bxe5
Bd5 21. Bxc7+ Kd7 22. Bb6 Rae8 23. a3 h6 24. Nh3 g5 25. Bd4 Rhf8 26. Rxe8 Nxe8
27. f3 Nc7 28. Re1 Ne6 29. Bc3 c5 30. Nf2 h5 31. Ne4 Bxe4 32. Rxe4 b5 33. Kf2
h4 34. g3 hxg3+ 35. hxg3 Rf7 36. Ke3 Rh7 37. Rg4 Rh2 38. f4 gxf4+ 39. gxf4 Rh5
40. Ke4 Ke7 41. f5 Ng5+ 42. Kd5 Ne6 43. Ke5 Kf7 44. Rg6 Ng7 45. Rxa6 Nxf5 46.
Rf6+ 1-0

[Event "SWE-ch"]
[Site "Linkoping"]
[Date "2001.07.10"]
[Round "9"]
[White "Hector, Jonny"]
[Black "Hillarp Persson, Tiger"]
[Result "1-0"]
[WhiteElo "2552"]
[BlackElo "2438"]
[PlyCount "119"]
[EventDate "2001.06.30"]
[Source "ChessBase"]

1. e4 c5 2. Nf3 d6 3. d4 cxd4 4. Nxd4 Nf6 5. Nc3 Nc6 6. Bc4 Qb6 7. Nde2 e6 8.
Bb3 Be7 9. O-O Bd7 10. Bg5 Na5 11. Qd3 a6 12. Rad1 Nxb3 13. axb3 Rd8 14. Bxf6
Bxf6 15. Qxd6 Qxd6 16. Rxd6 Ke7 17. Rfd1 Bc6 18. Rxd8 Rxd8 19. Rxd8 Kxd8 20. f3
Be7 21. Kf2 Bc5+ 22. Ke1 b5 23. Kd2 g5 24. Na2 g4 25. b4 Bd6 26. h3 gxh3 27.
gxh3 Ke7 28. Ke3 Kf6 29. c3 Kg5 30. Kf2 Kh4 31. Kg2 Bd7 32. Nac1 e5 33. Ng1 Bc8
34. Nd3 f6 35. Nf2 Bf8 36. Ng4 Bg7 37. Ne3 Bh6 38. Nd5 Bg5 39. b3 Be6 40. f4
exf4 41. Nf3+ Kh5 42. h4 Bh6 43. Nd4 Bc8 44. Nxf6+ Kg6 45. Nd5 Kh5 46. Nf3 Bg7
47. Nxf4+ Kg4 48. Nd5 Bb7 49. Nd4 Bxd4 50. cxd4 Kxh4 51. Nc3 Kg4 52. d5 Kf4 53.
d6 Bc6 54. Nd5+ Ke5 55. Kf2 Ke6 56. Nf4+ Kxd6 57. Ke3 Be8 58. Nd3 Kc6 59. Kf4
Bf7 60. Ne5+ 1-0

[Event "Pyramiden Franken op 4th"]
[Site "Fuerth"]
[Date "2001.08.22"]
[Round "5"]
[White "Hector, Jonny"]
[Black "Holzke, Frank"]
[Result "1-0"]
[WhiteElo "2552"]
[BlackElo "2468"]
[PlyCount "97"]
[EventDate "2001.08.18"]
[Source "ChessBase"]

1. e4 e6 2. d4 d5 3. Nc3 Nf6 4. Bg5 dxe4 5. Nxe4 Be7 6. Bxf6 Bxf6 7. Nf3 O-O 8.
c3 Nd7 9. Qc2 e5 10. d5 Be7 11. O-O-O f5 12. d6 cxd6 13. Nxd6 Bxd6 14. Rxd6 e4
15. Nd4 Qg5+ 16. Qd2 Qxd2+ 17. Kxd2 Ne5 18. f4 exf3 19. Nxf3 Re8 20. Nxe5 Rxe5
21. Rd8+ Kf7 22. Bc4+ Ke7 23. Rg8 b5 24. Rxg7+ Kf6 25. Rf7+ Kg6 26. Bb3 Be6 27.
Re7 Rd8+ 28. Kc1 Kf6 29. Rxe6+ Rxe6 30. Bxe6 Kxe6 31. Re1+ Kf6 32. Rd1 Rg8 33.
g3 Ke6 34. Rd4 Rg6 35. Rh4 Rg7 36. a4 bxa4 37. Rxa4 Rd7 38. Ra5 Kf6 39. Kc2 Re7
40. Kd3 Rd7+ 41. Ke3 Re7+ 42. Kd4 Re2 43. Ra6+ Kg5 44. Rxa7 Rd2+ 45. Kc5 Rxh2
46. b4 Kf6 47. b5 Rh3 48. b6 Rxg3 49. b7 1-0

[Event "Jonsson mem op"]
[Site "Reykjavik"]
[Date "2001.10.23"]
[Round "1"]
[White "Hector, Jonny"]
[Black "Ptacnikova, Lenka"]
[Result "1-0"]
[WhiteElo "2528"]
[BlackElo "2246"]
[PlyCount "68"]
[EventDate "2001.10.23"]
[Source "ChessBase"]

1. e4 c5 2. Nf3 Nc6 3. d4 cxd4 4. Nxd4 g6 5. Nc3 Bg7 6. Be3 Nf6 7. Bc4 O-O 8.
Bb3 d6 9. f3 Bd7 10. Qe2 Na5 11. O-O-O a6 12. Qd2 Rc8 13. h4 Nc4 14. Bxc4 Rxc4
15. h5 Nxh5 16. g4 Nf6 17. Nb3 b5 18. Bh6 Bxh6 19. Rxh6 b4 20. Nd5 Nxd5 21.
Rdh1 Qc7 22. Rxh7 Rxc2+ 23. Qxc2 Qxc2+ 24. Kxc2 Rc8+ 25. Kd2 Nf6 26. Rh8+ Kg7
27. Rxc8 Bxc8 28. Rc1 Be6 29. Rc6 Nd7 30. Rxa6 Bxb3 31. axb3 Nc5 32. Ra4 Nxb3+
33. Ke3 g5 34. Rxb4 Nc5 1-0

[Event "Gausdal Young Men"]
[Site "Gausdal"]
[Date "1982.??.??"]
[Round "6"]
[White "Henriksen, Geir"]
[Black "Hector, Jonny"]
[Result "0-1"]
[WhiteElo "2200"]
[BlackElo "2220"]
[PlyCount "62"]
[EventDate "1982.??.??"]
[Source "ChessBase"]

1. d4 d5 2. e4 dxe4 3. Nc3 e5 4. Nxe4 Qxd4 5. Bd3 Nc6 6. Nf3 Qd8 7. Qe2 Bg4 8.
Bb5 Bb4+ 9. c3 Bd6 10. Qc4 Bd7 11. Be3 a6 12. Bxc6 Bxc6 13. O-O-O Qe7 14. Nfg5
Nh6 15. h4 Nf5 16. g4 Nxe3 17. fxe3 h6 18. Nf3 Bb5 19. Qd5 Bc6 20. Qc4 Qe6 21.
Qxe6+ fxe6 22. Nfd2 O-O-O 23. Rhf1 Rhf8 24. Nxd6+ cxd6 25. Rxf8 Rxf8 26. Nc4
Kc7 27. Nxd6 Bd5 28. Nf5 exf5 29. Rxd5 fxg4 30. Rxe5 g5 31. hxg5 g3 0-1

[Event "Gausdal Young Men"]
[Site "Gausdal"]
[Date "1982.??.??"]
[Round "7"]
[White "Hector, Jonny"]
[Black "Cramling, Dan"]
[Result "0-1"]
[WhiteElo "2220"]
[BlackElo "2375"]
[PlyCount "73"]
[EventDate "1982.??.??"]
[Source "ChessBase"]

1. e4 c5 2. Nf3 Nc6 3. d4 cxd4 4. Nxd4 g6 5. Nc3 Bg7 6. Be3 Nf6 7. Bc4 O-O 8.
O-O Nxe4 9. Nxe4 d5 10. Nxc6 bxc6 11. Bd3 dxe4 12. Bxe4 Ba6 13. Qxd8 Rfxd8 14.
Rfd1 Bxb2 15. Rxd8+ Rxd8 16. Rb1 Bc4 17. g3 Bf6 18. a3 Bd5 19. Bxd5 cxd5 20.
Bxa7 Kf8 21. Rb8 Rxb8 22. Bxb8 Ke8 23. Kf1 Kd7 24. Bf4 Kc6 25. Ke2 Kb5 26. Bd2
Bb2 27. Bb4 e5 28. Bd6 f5 29. f3 Ka4 30. h3 e4 31. g4 Bxa3 32. Be5 Bc5 33. gxf5
gxf5 34. fxe4 dxe4 35. Bf4 Kb4 36. Bd2+ Kc4 37. Bg5 0-1

[Event "Gausdal Int"]
[Site "Gausdal"]
[Date "1982.??.??"]
[Round "9"]
[White "Hector, Jonny"]
[Black "Akesson, Ralf"]
[Result "0-1"]
[WhiteElo "2220"]
[BlackElo "2380"]
[PlyCount "70"]
[EventDate "1982.08.??"]
[Source "ChessBase"]

1. e4 c5 2. Nf3 d6 3. d4 cxd4 4. Nxd4 Nf6 5. Nc3 a6 6. Bg5 e6 7. f4 b5 8. e5
dxe5 9. fxe5 Qc7 10. exf6 Qe5+ 11. Be2 Qxg5 12. Qd3 gxf6 13. Ne4 Qe5 14. Nf3
Qxb2 15. O-O Nd7 16. Rfd1 f5 17. Nd6+ Bxd6 18. Qxd6 Qc3 19. Kh1 Rg8 20. a4 b4
21. Nd4 Bb7 22. Bf1 Rd8 23. Nxe6 fxe6 24. Qxe6+ Kf8 25. Qxf5+ Ke7 26. Re1+ Kd6
27. Qf4+ Ne5 28. Qf6+ Kc7 29. Qxe5+ Qxe5 30. Rxe5 Rd2 31. Re7+ Kc8 32. Rc1 h5
33. Rh7 Rdxg2 34. Bxg2 Bxg2+ 35. Kg1 Be4+ 0-1

[Event "SWE-ch"]
[Site "Linkoping"]
[Date "1984.??.??"]
[Round "?"]
[White "Andersson, Tor"]
[Black "Hector, Jonny"]
[Result "0-1"]
[WhiteElo "2200"]
[BlackElo "2350"]
[PlyCount "81"]
[EventDate "1984.07.??"]
[Source "ChessBase"]

1. Nf3 d5 2. b3 Bg4 3. Bb2 Bxf3 4. exf3 Nf6 5. d4 e6 6. Bd3 a5 7. O-O Bd6 8. c4
c6 9. Nc3 O-O 10. g3 Na6 11. Rc1 Qe7 12. c5 Bc7 13. f4 Nd7 14. Re1 Qf6 15. a3
g6 16. Qe2 Rfc8 17. Nd1 Bd8 18. Ne3 h5 19. Kh1 Qg7 20. g4 hxg4 21. Nxg4 Bf6 22.
Ne5 Nxe5 23. fxe5 Bg5 24. Rb1 Qh6 25. Bc1 Bxc1 26. Rbxc1 Kg7 27. Qe3 Rh8 28.
Qxh6+ Rxh6 29. Bxa6 bxa6 30. f3 Rh4 31. Red1 Rb8 32. Rb1 a4 33. b4 g5 34. Rb2
Rbh8 35. Rg2 Kg6 36. Rdd2 Kf5 37. Rd3 Rf4 38. Rgd2 Rhh4 39. Rd1 g4 40. fxg4+
Rhxg4 41. h3 0-1

[Event "SWE-ch"]
[Site "Linkoping"]
[Date "1984.??.??"]
[Round "?"]
[White "Hector, Jonny"]
[Black "Bengtsson, Bo"]
[Result "0-1"]
[WhiteElo "2350"]
[BlackElo "2200"]
[PlyCount "84"]
[EventDate "1984.07.??"]
[Source "ChessBase"]

1. e4 c5 2. Nf3 Nc6 3. d4 cxd4 4. Nxd4 Nf6 5. Nc3 d6 6. Bc4 Qb6 7. Nde2 e6 8.
O-O Be7 9. Ng3 O-O 10. Kh1 Qc5 11. Bd3 Nb4 12. Be2 d5 13. e5 Ne4 14. Ngxe4 dxe4
15. a3 Nc6 16. Nxe4 Qxe5 17. Bd3 Qc7 18. f4 a6 19. Rf3 f5 20. Nc3 Bf6 21. Qe1
Bd7 22. Be3 Nd4 23. Rh3 Rae8 24. Qf2 Nb5 25. Na4 Nd6 26. Nc5 Bb5 27. c4 Bc6 28.
Rd1 e5 29. Bb1 e4 30. Ba2 Qe7 31. Nxa6 Kh8 32. Nb4 Rd8 33. Nxc6 bxc6 34. Bc5
Rfe8 35. Re3 Qc7 36. h3 Nb7 37. Rxd8 Rxd8 38. Re1 Nxc5 39. Qxc5 Qxf4 40. Qe3
Qxe3 41. Rxe3 Rd1+ 42. Kh2 Be5+ 0-1

[Event "SWE-ch"]
[Site "Linkoping"]
[Date "1984.??.??"]
[Round "?"]
[White "Pietrusiak, Bogdan"]
[Black "Hector, Jonny"]
[Result "0-1"]
[WhiteElo "2270"]
[BlackElo "2350"]
[PlyCount "73"]
[EventDate "1984.07.??"]
[Source "ChessBase"]

1. e4 e5 2. Nf3 f5 3. d4 fxe4 4. Nxe5 Nf6 5. Bg5 d6 6. Nc3 dxe5 7. dxe5 Qxd1+
8. Rxd1 h6 9. Bxf6 gxf6 10. Nd5 Kd7 11. Nb6+ Kc6 12. Nxa8 fxe5 13. Bc4 Bd6 14.
Bd5+ Kd7 15. Bxe4 c6 16. O-O Ke7 17. Rd3 Na6 18. Rfd1 Rd8 19. Rg3 Nc5 20. Bh7
Ne6 21. c3 Ng5 22. h4 Nxh7 23. Rg7+ Kf6 24. Rxh7 Kg6 25. Rxd6+ Rxd6 26. Rh8 Be6
27. Rb8 Rd7 28. a4 Kf6 29. b4 Rg7 30. a5 Bd5 31. g3 Kf5 32. Rd8 Ke4 33. Re8 h5
34. f4 Rxg3+ 35. Kh2 Kxf4 36. Rf8+ Kg4 37. Rf2 0-1

[Event "SWE-ch"]
[Site "Linkoping"]
[Date "1984.??.??"]
[Round "?"]
[White "Svenn, Gosta"]
[Black "Hector, Jonny"]
[Result "0-1"]
[WhiteElo "2230"]
[BlackElo "2350"]
[PlyCount "100"]
[EventDate "1984.07.??"]
[Source "ChessBase"]

1. d4 d5 2. c4 c6 3. Nf3 Nf6 4. Nc3 e6 5. Bg5 Nbd7 6. e3 Qa5 7. Nd2 Ne4 8.
Ncxe4 dxe4 9. Bh4 e5 10. a3 exd4 11. exd4 f5 12. c5 g6 13. b4 Qc7 14. Nc4 b5
15. d5 Nxc5 16. d6 Qg7 17. bxc5 bxc4 18. Rc1 c3 19. Bc4 h6 20. f3 Qe5 21. fxe4
Qxc5 22. Rxc3 Qe5 23. Rd3 Qxe4+ 24. Qe2 Qxe2+ 25. Kxe2 f4 26. Kf3 g5 27. Bf2
Bf5 28. d7+ Bxd7 29. Re1+ Be7 30. Bc5 Rh7 31. Rd2 Kd8 32. Bxe7+ Rxe7 33. Rb1
Kc7 34. Ba6 Rb8 35. Rxb8 Kxb8 36. Rb2+ Kc7 37. Rb7+ Kd6 38. Rb8 Re3+ 39. Kf2
Rxa3 40. Bc4 Rc3 41. Bf7 Bg4 42. Rh8 a5 43. Rxh6+ Ke7 44. Bg8 a4 45. Rg6 Rc5
46. h3 Bh5 47. Rh6 Kf8 48. Rxh5 Kxg8 49. h4 a3 50. hxg5 Rc1 0-1

[Event "SWE-ch"]
[Site "Linkoping"]
[Date "1984.??.??"]
[Round "?"]
[White "Unander, Matts"]
[Black "Hector, Jonny"]
[Result "0-1"]
[WhiteElo "2265"]
[BlackElo "2350"]
[PlyCount "46"]
[EventDate "1984.07.??"]
[Source "ChessBase"]

1. d4 d5 2. Nf3 Nf6 3. e3 Bf5 4. Be2 e6 5. O-O Bd6 6. b3 Nbd7 7. c4 c6 8. Bb2
h5 9. Nbd2 Ne4 10. Ne5 Qc7 11. Nxe4 dxe4 12. Nxd7 Qxd7 13. Rc1 O-O-O 14. c5 Bb8
15. f4 exf3 16. gxf3 Qe7 17. f4 g5 18. Qe1 gxf4 19. exf4 Bh3 20. Rf2 Qh4 21.
Bf1 Rhg8+ 22. Kh1 Bxf4 23. Rf3 Bg2+ 0-1

[Event "Ballerup"]
[Site "Ballerup"]
[Date "1985.??.??"]
[Round "2"]
[White "Kamaras, Peter"]
[Black "Hector, Jonny"]
[Result "0-1"]
[WhiteElo "2330"]
[BlackElo "2295"]
[PlyCount "46"]
[EventDate "1985.??.??"]
[Source "ChessBase"]

1. d4 c5 2. c3 cxd4 3. cxd4 d5 4. Nc3 e5 5. dxe5 d4 6. Qa4+ Nc6 7. Ne4 Qd5 8.
Nd6+ Bxd6 9. exd6 Nf6 10. Nf3 Bg4 11. h3 Bxf3 12. gxf3 O-O 13. Rg1 Kh8 14. Qa3
Ne5 15. Bf4 Nc4 16. Qb4 Rfe8 17. Rg5 Qxf3 18. Qxc4 Qxf4 19. Qc1 Qxd6 20. Bg2
Rac8 21. Qd2 d3 22. e3 Rc2 23. Qa5 d2+ 0-1

[Event "Ballerup"]
[Site "Ballerup"]
[Date "1985.??.??"]
[Round "4"]
[White "Hector, Jonny"]
[Black "Kristiansen, Jens"]
[Result "0-1"]
[WhiteElo "2295"]
[BlackElo "2455"]
[PlyCount "70"]
[EventDate "1985.??.??"]
[Source "ChessBase"]

1. e4 d5 2. exd5 Nf6 3. d4 Nxd5 4. c4 Nb6 5. Nf3 g6 6. Nc3 Bg7 7. h3 O-O 8. Bf4
Nc6 9. Nb5 e5 10. dxe5 Qe7 11. Qe2 Re8 12. O-O-O a6 13. Nc3 Bf5 14. g4 Be6 15.
b3 f6 16. Ne4 fxe5 17. Bg5 Qa3+ 18. Qb2 Qf8 19. Bg2 Nd4 20. Rd3 Nd7 21. Nxd4
exd4 22. Rf3 Qb4 23. Nf6+ Nxf6 24. Bxf6 Bxg4 25. hxg4 Re1+ 26. Rxe1 Qxe1+ 27.
Kc2 Re8 28. Qc1 Re2+ 29. Kb1 Qa5 30. a3 Re1 31. b4 Rxc1+ 32. Kxc1 Qb6 33. g5
Qe6 34. Rf4 Qxc4+ 35. Kd2 Qa2+ 0-1

[Event "SWE-ch"]
[Site "Uppsala"]
[Date "1985.??.??"]
[Round "?"]
[White "Bengtsson, Bo"]
[Black "Hector, Jonny"]
[Result "0-1"]
[WhiteElo "2320"]
[BlackElo "2295"]
[PlyCount "80"]
[EventDate "1985.07.??"]
[Source "ChessBase"]

1. e4 e5 2. Nf3 f5 3. Nxe5 Nc6 4. Nxc6 dxc6 5. d4 Qh4 6. e5 Be6 7. Nc3 Bb4 8.
Bd3 Qxd4 9. O-O O-O-O 10. Bg5 Be7 11. Be3 Qxe5 12. Bxa7 Nh6 13. Re1 Qf6 14. Qe2
Rd6 15. Bc5 Rd7 16. Na4 Bd5 17. c4 Be4 18. Bxe4 fxe4 19. Qxe4 Bxc5 20. Nxc5 Rd4
21. Qe6+ Qxe6 22. Nxe6 Rxc4 23. Nxg7 Rc2 24. Re8+ Rxe8 25. Nxe8 Rxb2 26. Nf6 c5
27. g4 c4 28. Rc1 b5 29. g5 Nf5 30. Nxh7 Kd7 31. g6 Rxa2 32. h4 Ng7 33. f4 Ke6
34. Re1+ Kf5 35. Re5+ Kxg6 36. f5+ Kxh7 37. f6 Kg6 38. fxg7 Kxg7 39. Rxb5 c3
40. Rb1 Rd2 0-1

[Event "SWE-ch"]
[Site "Uppsala"]
[Date "1985.??.??"]
[Round "?"]
[White "Hector, Jonny"]
[Black "Renman, Nils Gustaf"]
[Result "0-1"]
[WhiteElo "2295"]
[BlackElo "2425"]
[PlyCount "92"]
[EventDate "1985.07.??"]
[Source "ChessBase"]

1. Nc3 d5 2. d4 e6 3. e4 Bb4 4. Nge2 dxe4 5. a3 Be7 6. Nxe4 Nf6 7. Qd3 b6 8.
Qf3 Nxe4 9. Qxe4 Qd5 10. Qg4 Bf6 11. Be3 Bb7 12. Nc3 Qf5 13. Qg3 O-O 14. Bd3
Qh5 15. h4 Na6 16. Qh3 Rad8 17. Bxa6 Bxa6 18. g4 Qg6 19. O-O-O h5 20. Rhg1 Bb7
21. Ne2 e5 22. g5 Be7 23. f3 exd4 24. Bxd4 Qe6 25. Qxe6 fxe6 26. Be5 Bxf3 27.
Rxd8 Rxd8 28. Nd4 Bg4 29. Nc6 Bc5 30. Rf1 Be3+ 31. Kb1 Rd1+ 32. Rxd1 Bxd1 33.
Nxa7 Bf2 34. Bxc7 Bxh4 35. Bf4 Bf2 36. Kc1 Bf3 37. Kd2 h4 38. Bh2 Kf7 39. b4
Kg6 40. c4 Kxg5 41. Nc8 Kf6 42. Nxb6 Bxb6 43. c5 Ba7 44. a4 g5 45. Bd6 e5 46.
Ke3 Bd5 0-1

[Event "SWE-ch"]
[Site "Uppsala"]
[Date "1985.??.??"]
[Round "?"]
[White "Hector, Jonny"]
[Black "Wiedenkeller, Michael"]
[Result "0-1"]
[WhiteElo "2295"]
[BlackElo "2450"]
[PlyCount "74"]
[EventDate "1985.07.??"]
[Source "ChessBase"]

1. e4 c5 2. Nf3 e6 3. d4 cxd4 4. Nxd4 Nf6 5. Nc3 d6 6. Bc4 a6 7. Bb3 b5 8. Qe2
Bb7 9. a3 Nc6 10. Nxc6 Bxc6 11. Bd5 Qd7 12. O-O Be7 13. Bxc6 Qxc6 14. Bg5 h6
15. Bd2 O-O 16. f4 Rac8 17. Rf3 Qc4 18. Rd3 Rfd8 19. b3 Qc6 20. Rg3 d5 21. f5
exf5 22. Bxh6 Ng4 23. Bxg7 dxe4 24. Rf1 Qc5+ 25. Kh1 Kxg7 26. h3 Qe5 27. Nxe4
Kf8 28. hxg4 Qxe4 29. Re3 Qxg4 30. Rxe7 Qh4+ 31. Kg1 Qxe7 32. Qh5 Qe3+ 33. Kh1
Rd6 34. Qh8+ Ke7 35. Qh4+ Kd7 36. Rf4 Rh8 37. Qxh8 Rd1+ 0-1

[Event "SWE-ch"]
[Site "Uppsala"]
[Date "1985.??.??"]
[Round "?"]
[White "Johansson, Jan"]
[Black "Hector, Jonny"]
[Result "0-1"]
[WhiteElo "2275"]
[BlackElo "2295"]
[PlyCount "60"]
[EventDate "1985.07.??"]
[Source "ChessBase"]

1. e4 e5 2. Nf3 Nc6 3. Bb5 Nd4 4. Bc4 Bc5 5. Nxd4 Bxd4 6. c3 Bb6 7. d4 Qf6 8.
O-O d6 9. a4 c6 10. a5 Bc7 11. Be3 Qg6 12. dxe5 dxe5 13. Nd2 Nf6 14. Bc5 Nh5
15. Kh1 Nf4 16. Rg1 Bd6 17. Bxd6 Qxd6 18. Bb3 O-O 19. Nc4 Qf6 20. Bc2 Rd8 21.
Qf3 h5 22. Ne3 Rd2 23. Bb3 Bg4 24. Nxg4 hxg4 25. Qe3 Rd3 26. Qc5 Rad8 27. Rgf1
Rd2 28. Bc4 Nh3 29. Qxa7 Rxf2 30. Rxf2 Qxf2 0-1

[Event "SWE-ch"]
[Site "Uppsala"]
[Date "1985.??.??"]
[Round "?"]
[White "Schutz, Ingemar"]
[Black "Hector, Jonny"]
[Result "0-1"]
[WhiteElo "2200"]
[BlackElo "2295"]
[PlyCount "62"]
[EventDate "1985.07.??"]
[Source "ChessBase"]

1. e4 e5 2. Nf3 Nc6 3. Bb5 Nd4 4. Ba4 Bc5 5. Nxd4 exd4 6. d3 a5 7. O-O Ra6 8.
Nd2 Nh6 9. Qh5 Ba7 10. Nf3 O-O 11. Bg5 Qe8 12. Bb5 Rg6 13. Ba4 f6 14. Bb3+ Kh8
15. Bxh6 Rxg2+ 16. Kxg2 Qxh5 17. Bf4 d6 18. Ng1 f5 19. exf5 Qxf5 20. Bg3 Bd7
21. a4 g5 22. h3 h5 23. f3 Bc6 24. Kh2 h4 25. Be1 Qf4+ 26. Kh1 Bc5 27. Bxa5 Qg3
28. Be6 Rxf3 29. Nxf3 Bxf3+ 30. Rxf3 Qxf3+ 31. Kg1 Qe3+ 0-1

[Event "Budapest Spring op"]
[Site "Budapest"]
[Date "1986.??.??"]
[Round "?"]
[White "Forintos, Gyozo V"]
[Black "Hector, Jonny"]
[Result "0-1"]
[WhiteElo "2395"]
[BlackElo "2395"]
[PlyCount "62"]
[EventDate "1986.??.??"]
[Source "ChessBase"]

1. d4 d5 2. c4 e6 3. Nc3 c5 4. cxd5 cxd4 5. Qa4+ Bd7 6. Qxd4 exd5 7. Qxd5 Nc6
8. Bg5 Nf6 9. Qd2 Qa5 10. Bxf6 gxf6 11. Nf3 O-O-O 12. Qc1 Bc5 13. e3 Kb8 14. a3
Bb6 15. Bb5 Bc7 16. b4 Qb6 17. Be2 Ne7 18. Qb2 Rhg8 19. Ne4 Bc6 20. Qxf6 Nd5
21. Qd4 Nf4 22. Qxb6 Nxg2+ 23. Kf1 axb6 24. Ng3 Nh4 25. e4 Ng6 26. b5 Bd7 27.
Nf5 Rge8 28. Ng5 Nf4 29. Bc4 f6 30. Ng7 Re7 31. Nxh7 Bh3+ 0-1

[Event "Malmo op"]
[Site "Malmo"]
[Date "1987.??.??"]
[Round "?"]
[White "Hector, Jonny"]
[Black "Mokry, Karel"]
[Result "0-1"]
[WhiteElo "2395"]
[BlackElo "2490"]
[PlyCount "69"]
[EventDate "1986.??.??"]
[Source "ChessBase"]

1. e4 c5 2. Nf3 e6 3. d4 cxd4 4. Nxd4 Nc6 5. Nc3 a6 6. f4 d6 7. Nxc6 bxc6 8.
Bd3 Nf6 9. Qf3 Be7 10. e5 Nd5 11. Ne4 Nb4 12. exd6 Bxd6 13. O-O Be7 14. Rd1 Qc7
15. b3 f5 16. Ng3 Bf6 17. Rb1 Nxa2 18. Bd2 O-O 19. Bc4 Nb4 20. Bxb4 Qb6+ 21.
Kh1 Qxb4 22. Qxc6 Bb7 23. Qxe6+ Kh8 24. Qxf5 Rae8 25. Qh3 h6 26. Qh5 Re3 27.
Nf5 Qc5 28. Qg6 Be4 29. Rd5 Qb4 30. Rf1 Re1 31. Rd1 Rxd1 32. Rxd1 Bxc2 33. Rf1
Qc5 34. Be6 Bb2 35. Rc1 0-1

[Event "Malmo op"]
[Site "Malmo"]
[Date "1987.??.??"]
[Round "?"]
[White "Hector, Jonny"]
[Black "Tisdall, Jonathan D"]
[Result "0-1"]
[WhiteElo "2395"]
[BlackElo "2455"]
[PlyCount "46"]
[EventDate "1986.??.??"]
[Source "ChessBase"]

1. e4 c6 2. Nc3 d5 3. Nf3 Bg4 4. h3 Bxf3 5. Qxf3 e6 6. d3 Nf6 7. Bd2 Nbd7 8. g4
g6 9. exd5 cxd5 10. Qe2 Bg7 11. g5 Nh5 12. Bg2 O-O 13. Bf3 Rc8 14. Bxh5 gxh5
15. Qxh5 Qb6 16. O-O-O Rc6 17. Rdg1 Rfc8 18. Qd1 Nc5 19. Rg3 d4 20. Ne4 Nxe4
21. dxe4 Rxc2+ 22. Qxc2 Rxc2+ 23. Kxc2 d3+ 0-1